Das Gnadengeschenk Friedrichs des Großen für den schlesischen Landadel und die Ernennung Carmers zum Justizminister (1768)

Titel: Das Gnadengeschenk Friedrichs des Großen für den schlesischen Landadel und die Ernennung Carmers zum Justizminister (1768) / von Otto Linke
Verfasser:
In: Verein für Geschichte Schlesiens: Zeitschrift des Vereins für Geschichte Schlesiens, Band 44 (1910), Seite 74-114
alle Artikel anzeigen
Veröffentlicht: 1910
Format: Aufsatz
Sprache: Deutsch
Kein Bild verfügbar
X
Lokale Klassifikation: 14 7 H ; 14 2 B
alg: 13341806
001A    $03004:13-10-05 
001B    $01999:28-07-16 $t22:41:52.000 
001C    $06050:09-11-07 $t13:05:33.000 
001D    $03004:13-10-05 
001U    $0utf8 
001X    $00 
002@    $0Aou 
003@    $0133418065 
007A    $0133418065 $aHEB 
010@    $ager 
011@    $a1910 
021A    $aDas @Gnadengeschenk Friedrichs des Großen für den schlesischen Landadel und die Ernennung Carmers zum Justizminister (1768) $hvon Otto Linke 
028A    $7116862734 $8Meinardus, Otto$Z1854-1918 [Tp1] $9150743297 
031A    $d44 $h74-114 $j1910 
039B    $aIn $8--Abvc--Verein für Geschichte Schlesiens [Tb1]. Zeitschrift des Vereins für Geschichte Schlesiens. - Breslau : Trewendt & Garnier, 1906-1943 $x191000000440000926 $9047252138 
045T    $a9,10 

lok: 13341806 24
101B    $013-10-05 $t16:24:21.000 
101C    $013-10-05 
145Z/01 $a14 7 H 
145Z/02 $a14 2 B 
101U    $0utf8 

exp: 13341806 24 1 #EPN
201B/01 $013-10-05 $t16:24:21.000 
201C/01 $013-10-05 
203@/01 $0306403900 
208@/01 $a13-10-05 $br 
209A/01 $a14 VII H 16 $du $f050 $h14 7 H 16 $x00 
209C/01 $a972 K 52 $h52 0972 K 
209G/01 $a71199630 $x00 
220C/01 $agro 
237A/01 $aKopie. - S. 74 durch eine Abschrift ersetzt 
247C/01 $8358050-7 Marburg, Bibliothek des Herder-Instituts Marburg $9102600961 
201U/01 $0utf8
LEADER 00000caa a2200000 c 4500
001 133418065
003 DE-603
005 20160728224152.0
007 tu
008 051013s1910 xx |||| | u00||u|ger c
035 |a (DE-599)HEB133418065 
040 |a DE-603  |b ger  |c DE-603  |d DE-603 
041 |a ger 
084 |a 9,10  |2 ssgn 
100 1 |a Meinardus, Otto  |d 1854-1918  |0 (DE-603)150743297  |0 (DE-588)116862734  |2 gnd 
245 0 0 |a ˜Dasœ Gnadengeschenk Friedrichs des Großen für den schlesischen Landadel und die Ernennung Carmers zum Justizminister (1768)  |c von Otto Linke 
264 0 |c 1910 
773 0 8 |i In  |a Verein für Geschichte Schlesiens  |t Zeitschrift des Vereins für Geschichte Schlesiens  |d Breslau : Trewendt & Garnier, 1906-1943  |g Band 44 (1910), Seite 74-114  |w (DE-603)047252138  |w (DE-600)200433-1 
924 0 |9 Mb 50  |a (DE-603)306403900  |b DE-Mb50  |c HES  |d c  |g 14 VII H 16